Fray Junípero Serra / (Record no. 82414)

MARC details
000 -LEADER
campo de control de longitud fija 00640nam a2200205 i 4500
001 - NÚMERO DE CONTROL
campo de control 82414
003 - IDENTIFICADOR DE NÚMERO DE CONTROL
campo de control ES-MaACL
005 - FECHA Y HORA DE LA ÚLTIMA TRANSACCIÓN
campo de control 20240523153403.0
007 - CAMPO FIJO DE DESCRIPCIÓN FÍSICA--INFORMACIÓN GENERAL
campo de control de longitud fija t|
008 - DATOS DE LONGITUD FIJA--INFORMACIÓN GENERAL
campo de control de longitud fija 041110s1958 sp ||||1| spa d
100 1# - ENTRADA PRINCIPAL--NOMBRE DE PERSONA
Nombre de persona Igual Ubeda, Antonio.
9 (RLIN) 65156
245 10 - MENCIÓN DEL TÍTULO
Título Fray Junípero Serra /
Mención de responsabilidad, etc. por Antonio Igual Ubeda.
260 ## - PUBLICACIÓN, DISTRIBUCIÓN, ETC.
Lugar de publicación, distribución, etc. Barcelona :
Nombre del editor, distribuidor, etc. Seix Barral,
Fecha de publicación, distribución, etc. 1958.
300 ## - DESCRIPCIÓN FÍSICA
Extensión 143 p., 10 lám. ;
Dimensiones 19 cm.
490 1# - MENCIÓN DE SERIE
Mención de serie Vidas de grandes hombres
600 17 - PUNTO DE ACCESO ADICIONAL DE MATERIA--NOMBRE DE PERSONA
Nombre de persona Junípero Serra,
Títulos y otros términos asociados al nombre Santo,
Fechas asociadas al nombre 1713-1784
Fuente del encabezamiento o término
9 (RLIN) 153812
830 0# - PUNTO DE ACCESO ADICIONAL DE SERIE-TÍTULO UNIFORME
Título uniforme Vidas de grandes hombres
9 (RLIN) 183755
852 ## - LOCALIZACIÓN
Ubicación ES-MaACL
Número de control de estantería C-15934
Sublocalización o colección R.42276
Holdings
Estatus retirado Estado de pérdida Estado de daño No para préstamo Biblioteca de origen Biblioteca actual Ubicación en estantería Fecha de adquisición Fuente de adquisición Total de préstamos Signatura topográfica completa Código de barras Visto por última vez Precio de reemplazo Tipo de ítem Koha
        Biblioteca del Ateneo de Madrid Biblioteca del Ateneo de Madrid Ficheros 17/01/2008     C-15934 1086130 23/02/2023 23/02/2023 Libro impreso